000 00597nam a2200229Ia 4500
003 OSt
005 20220923225730.0
006 a|||||r|||| 00| 0
007 ta
008 Pun
024 _a274,272
037 _cTextual
040 _aARTS
_cARTS
_bPun
041 _2Pun
_aPun
082 _aO153,6(Q):g, H9
100 _aਅਕਾਲੀ, ਕਮਲਾ
245 0 _aਮੌਤ ਰਾਣੀ ਦਾ ਘੰੁਡ
260 _c1949
650 _aਪੰਜਾਬੀ ਸਾਹਿਤ
942 _hO153,6(Q):g, H9
_cTEXL
_2CC
999 _c380036
_d380036